| 000 | 00944nam a22002777a 4500 | ||
|---|---|---|---|
| 001 | 5571 | ||
| 003 | FISKH | ||
| 005 | 20241218122125.0 | ||
| 008 | 241218b cb ||||| |||| 00| 0 eng d | ||
| 040 |
_aFISKH _beng _cFISKH _dFISKH |
||
| 050 | _aPZ7 | ||
| 082 | _a598.52 | ||
| 100 | _aWatson, Sally | ||
| 245 |
_aThe ostrich / _cby Sally Watson ; Illustrated by Don Burau |
||
| 250 | _aThis edition published in 1992 | ||
| 260 |
_aMundelein : _bCareer Publishing, _c1979. |
||
| 300 |
_a32 pages : _bcolor illustrations ; _c23 cm |
||
| 505 | _aD | ||
| 520 | _aTwo kids were discussing about Ostrich. Mark want to know about Ostrich keep asking Kathy questions. Later on both of them having fun with Ostrich by riding on him. | ||
| 521 | 8 |
_a380
_bLexile estimate |
|
| 521 | 8 |
_aG
_bRaz-Plus |
|
| 650 |
_aOstrich _vDiscover _xPlay |
||
| 700 |
_aBurau, Don _eillustrator |
||
| 942 |
_2ddc _cBK _n0 |
||
| 999 |
_c5571 _d5571 |
||